000 01473nam a22005297a 4500
001 22640889
003 LIBRIS
005 20241105175214.0
007 cr ||| |||||
008 180502s2014 xx |||||o|||||000 0|und|d
020 _a9781451184051 (Print)
035 _a(EBZ)ebs2661247e
035 _a(ALMA)991001029097503631
035 _a(WaSeSS)ssj0001261153
035 _a(ALMA)99157950902336
035 _a(WaSeSS)ssj0001261153
035 _a(ALMA)993553279903662
035 _a(EBZ)ebs2661247e
035 _a(EBZ)ebs2661247e
035 _a(ALMA)9919274161805121
035 _a(EBZ)ebs2661247e
035 _a(EBZ)ebs2661247e
035 _a(EBZ)ebs2661247e
035 _a(ALMA)997052974803661
035 _a(EBZ)ebs2661247e
035 _a(ALMA)991001059081603211
035 _a(ALMA)999429446703663
035 _a(EBZ)ebs2661247e
035 _a(ALMA)9921417811304996
035 _a(WaSeSS)ssj0001261153
035 _a(EBZ)ebs2661247e
040 _ea
_cDLC
041 _aund
080 _a617
_bM.20
100 1 _aCooper, Michol A.
245 1 0 _aSurgery Review
260 _bLippincott, Williams & Wilkins,
_c2014
300 _a704 p.
_cill
365 _b10.24 usd
500 _aBook
650 4 _aMEDICAL / Surgery / General
653 _aქირურგია
653 _aმედიცინა
700 1 _aMakary, Martin A.
776 0 8 _iPrint
_tSurgery Review
_z978-1-4511-8405-1
942 _2udc
_cBK
999 _c315
_d315